Western literature; (Record no. 9453)

MARC details
000 -LEADER
fixed length control field 01000cam a2200277 4500
001 - CONTROL NUMBER
control field 329864
003 - CONTROL NUMBER IDENTIFIER
control field mut
005 - DATE AND TIME OF LATEST TRANSACTION
control field 20240606081117.0
008 - FIXED-LENGTH DATA ELEMENTS--GENERAL INFORMATION
fixed length control field 710618s1971 nyu 000 0 eng
010 ## - LIBRARY OF CONGRESS CONTROL NUMBER
LC control number 75152578
020 ## - INTERNATIONAL STANDARD BOOK NUMBER
International Standard Book Number 0155952765 (v. 1) varies
040 ## - CATALOGING SOURCE
Original cataloging agency DLC
Transcribing agency DLC
Modifying agency DLC
050 00 - LIBRARY OF CONGRESS CALL NUMBER
Classification number PN6014
Item number .V65 1971
082 00 - DEWEY DECIMAL CLASSIFICATION NUMBER
Classification number 808.8
100 1# - MAIN ENTRY--PERSONAL NAME
Personal name Von Staden, Heinrich,
Dates associated with a name 1939-
Relator term comp.
245 10 - TITLE STATEMENT
Title Western literature;
260 ## - PUBLICATION, DISTRIBUTION, ETC.
Place of publication, distribution, etc. New York,
Name of publisher, distributor, etc. Harcourt Brace Jovanovich
Date of publication, distribution, etc. [1971]
300 ## - PHYSICAL DESCRIPTION
Extent 3 v.
Dimensions 22 cm.
505 0# - FORMATTED CONTENTS NOTE
Formatted contents note v. 1. The ancient world, edited by H. von Staden.--v. 2. The Middle Ages, Renaissance, Enlightenment, edited by R. Hollander.--v. 3. The modern world, edited by P. Brooks.
650 #0 - SUBJECT ADDED ENTRY--TOPICAL TERM
Topical term or geographic name entry element Literature
General subdivision Collections.
700 1# - ADDED ENTRY--PERSONAL NAME
Personal name Hollander, Robert,
Dates associated with a name 1933-
Relator term comp.
700 1# - ADDED ENTRY--PERSONAL NAME
Personal name Brooks, Peter,
Dates associated with a name 1938-
700 1# - ADDED ENTRY--PERSONAL NAME
Personal name Giamatti, A. Bartlett,
Relator term ed.
906 ## - LOCAL DATA ELEMENT F, LDF (RLIN)
a 7
b cbc
c orignew
d 2
e ncip
f 19
g y-gencatlg
942 ## - ADDED ENTRY ELEMENTS (KOHA)
Source of classification or shelving scheme Library of Congress Classification
Koha item type Books
Holdings
Withdrawn status Lost status Source of classification or shelving scheme Damaged status Not for loan Home library Current library Date acquired Total checkouts Full call number Barcode Date last seen Date last checked out Price effective from Koha item type
    Library of Congress Classification     Murang'a University of Technology Library Murang'a University of Technology Library 11/05/2017 1 PN6014 .V65 1971 010024 29/09/2025 22/09/2025 11/05/2017 Books